00296nam a2200121Ia 4500008004100000082001700041100001700058245004600075250000800121260002900129300000800158650000800166191201s2011 xx 000 0 und d a658.315bDWH aDWIVEDI, R S 0aHuman Relations and Organization Behavior a5th aN.DelhibMacmillanc2011 a909 aMBA